Železo ako nečistota v hliníkovom elektrolyzéri
Enregistré dans:
| Auteur principal: | |
|---|---|
| Format: | Livre |
| Langue: | slovaque |
| Publié: |
Bratislava
SAV Ústav anorganickej chémie
2004
|
| Édition: | 1. vyd. |
| Accès en ligne: | Voir à l'OPAC |
| Tags: |
Pas de tags, Soyez le premier à ajouter un tag!
|
MARC
| LEADER | 00000nam a2200000 a 4500 | ||
|---|---|---|---|
| 005 | 20260127134410.0 | ||
| 008 | 050318 2004 xo 000 0 slo d | ||
| 035 | |a vtls001520305 | ||
| 039 | 9 | |y 200503180826 |z mschk03 | |
| 040 | |a STUSCHK1 |b slo |c STUSCHK1 |e AACR2 | ||
| 100 | 1 | |a Šimko, František | |
| 245 | 1 | |a Železo ako nečistota v hliníkovom elektrolyzéri | |
| 250 | |a 1. vyd. | ||
| 260 | |a Bratislava |b SAV Ústav anorganickej chémie |c 2004 | ||
| 300 | |a 96 s. | ||
| 500 | |a Obháj.: 12.11.2004 na STU FCHPT Bratislava | ||
| 910 | |a SCHK95 | ||
| 999 | |c 11784 |d 11784 | ||